| 000 | 01023nam a2200277 i 4500 | ||
|---|---|---|---|
| 001 | 19780 | ||
| 003 | ES-MaACL | ||
| 005 | 20250422122819.0 | ||
| 007 | t| | ||
| 008 | 021015s1923 sp ||||1| spa d | ||
| 080 | _a35.085 | ||
| 100 | 1 |
_aHermosilla Rodríguez, Antonio. _962768 |
|
| 245 | 1 | 3 |
_aEl funcionarismo en la política / _cpor Antonio Hermosilla Rodríguez. |
| 260 |
_aMadrid : _b[s.n.], _c1923 ( _fGráf. Renacimiento) |
||
| 300 |
_a35 p. ; _c19 cm. |
||
| 500 | _aPrecede al tít.: Conferencia en el Ateneo de Madrid. | ||
| 500 | _aEn port.: 10 de enero de 1923. | ||
| 610 | 2 | 4 |
_aAteneo de Madrid- _vConferencias- _y1900-1939 _91907 |
| 610 | 2 |
_aAteneo de Madrid- _vObras digitalizadas. _91930 |
|
| 650 | 1 | 4 |
_aFuncionarios. _913009 |
| 710 | 2 |
_aAteneo de Madrid. _91875 |
|
| 852 |
_aES-MaACL _j2162-F-17 _bR.132050 _cDEPOF _zRevisado enlace: 22 de Abril de 2025 |
||
| 856 | 4 |
_uhttp://www.ateneodemadrid.com/biblioteca_digital/folletos/Folletos-0201.pdf _yVer documento |
|
| 942 | _2udc | ||
| 999 |
_c19780 _d19780 |
||